banner koha

Fracionamento de carboidratos e compostos nitrogenados de genótipos de capim-elefante aos 56 dias de rebrota (Registro n. 213001)

MARC details
000 -LÍDER
campo de controle de tamanho fixo 01132nas a2200373 4500
001 - NÚMERO DE CONTROLE
campo de controle BR2011002515
003 - IDENTIFICADOR DO NÚMERO DE CONTROLE
campo de controle BR-BrBNA
005 - DATA E HORÁRIO DA ÚLTIMA TRANSAÇÃO
campo de controle 20231205115301.0
007 - CAMPO FIXO DE DESCRIÇÃO FÍSICA--INFORMAÇÃO GERAL
campo de controle de tamanho fixo ta
008 - CAMPO DE DADOS FIXOS--INFORMAÇÃO GERAL
campo de controle de tamanho fixo 230509b bl.|||p| |||| 00| 00por d
040 ## - FONTE DA CATALOGAÇÃO
Instituição da catalogação original BR-BrBNA
Idioma da catalogação por
Instituição que transcreveu o registro Biblioteca Nacional de Agricultura
041 ## - CÓDIGO DE IDIOMA
Código do idioma do texto/trilha sonora ou título diferente (Pt)
072 ## - CÓDIGO DE CATEGORIA DE ASSUNTO
Código de Categoria de Assunto F30; Q04
100 1# - ENTRADA PRINCIPAL--NOME PESSOAL
Nome pessoal Lima, E. da S.
100 1# - ENTRADA PRINCIPAL--NOME PESSOAL
Nome pessoal Silva, J.F.C. da
100 1# - ENTRADA PRINCIPAL--NOME PESSOAL
Nome pessoal Vássquez, H.M.
100 1# - ENTRADA PRINCIPAL--NOME PESSOAL
Nome pessoal Araújo, S.A. do C.
100 1# - ENTRADA PRINCIPAL--NOME PESSOAL
Nome pessoal Rocha,T.C.
245 1# - TÍTULO
Título Fracionamento de carboidratos e compostos nitrogenados de genótipos de capim-elefante aos 56 dias de rebrota
650 ## - ASSUNTO--TERMO TÓPICO
Cabeçalho tópico ou nome geográfico GENÉTICA VEGETAL
650 ## - ASSUNTO--TERMO TÓPICO
Cabeçalho tópico ou nome geográfico VARIAÇÃO GENÉTICA
650 ## - ASSUNTO--TERMO TÓPICO
Cabeçalho tópico ou nome geográfico GRAMÍNEA FORRAGEIRA
650 ## - ASSUNTO--TERMO TÓPICO
Cabeçalho tópico ou nome geográfico CAPIM ELEFANTE
650 ## - ASSUNTO--TERMO TÓPICO
Cabeçalho tópico ou nome geográfico GENOTIPO
650 ## - ASSUNTO--TERMO TÓPICO
Cabeçalho tópico ou nome geográfico CARBOIDRATO
650 ## - ASSUNTO--TERMO TÓPICO
Cabeçalho tópico ou nome geográfico NITROGÊNIO
650 ## - ASSUNTO--TERMO TÓPICO
Cabeçalho tópico ou nome geográfico NUTRIENTE
650 ## - ASSUNTO--TERMO TÓPICO
Cabeçalho tópico ou nome geográfico FRACIONAMENTO
650 ## - ASSUNTO--TERMO TÓPICO
Cabeçalho tópico ou nome geográfico PROCESSAMENTO
650 ## - ASSUNTO--TERMO TÓPICO
Cabeçalho tópico ou nome geográfico VALOR NUTRITIVO
773 0# - ENTRADA ANALÍTICA
Título Revista Brasileira de Zootecnia (Brazil)
ISSN - International Standard Serial Number ISSN 1516-3598
Partes relacionadas ( Nov 2008), v. 37(11) p. 1928-1933
Número de controle do registro BR2011002515
909 ## -
-- 202311
-- Lúcia
-- 55
-- Lúcia Elande
942 ## - ELEMENTOS DE ENTRADA ADICIONADOS (KOHA)
Fonte da classificação ou esquema de arquivamento na estante Classificação AGRIS
Ocultar no OPAC Não
Tipo de material Koha Analítica
Exemplares
Situação do descarte Fonte da classificação ou esquema de arquivamento na estante Situação física Não pode ser emprestado Biblioteca de origem Biblioteca atual Localização na estante Enumeração do periódico / cronologia Total de empréstimos Data de último acesso Número do exemplar Tipo de material Koha Fonte de aquisição
  Classificação AGRIS   Consulta local Biblioteca Nacional de Agricultura - Binagri Biblioteca Nacional de Agricultura - Binagri   ( Nov 2008), v. 37(11) p. 1928-1933   29/11/2023 01 Periódicos Portaria Interministerial nº 164/94

BINAGRI

Telefone: (61)3218-2567/2388/3357/2097 - binagri@agro.gov.br

Ministério da Agricultura e Pecuária , Esplanada dos Ministérios, Bloco D, Anexo B, Brasília/DF, CEP: 70.043-900